[Event "BUL-chT U18"]
[Site "Razgrad"]
[Date "2006.11.10"]
[Round "5.1"]
[White "Kirov, Dimitar"]
[Black "Ivanov, Tihomir"]
[Result "0-1"]
[WhiteElo "2123"]
[BlackElo "1825"]
[PlyCount "100"]
[EventDate "2006.11.08"]
[EventType "team-tourn"]
[EventRounds "7"]
[EventCountry "BUL"]
[SourceTitle "CBM 115 Extra"]
[Source "ChessBase"]
[SourceDate "2007.01.10"]
[SourceVersion "1"]
[SourceVersionDate "2007.01.10"]
[SourceQuality "1"]

1. e4 e6 2. d4 d5 3. Nc3 Nf6 4. e5 Nfd7 5. f4 c5 6. Nce2 Nc6 7. c3 Qb6 8. Nf3 cxd4 9. cxd4 Be7 10. g4 f6 11. Bh3 0-0 12. g5 f5 13. Kf2 Qc7 14. Be3 b6 15. Nc3 a6 16. Nh4 Qd8 17. Bg2 Ndb8 18. Bf3 Ra7 19. Bh5 Bd7 20. Rg1 Be8 21. Be2 Qc8 22. Rg3 Rc7 23. Rh3 Na5 24. Rc1 Nc4 25. Bxc4 Rxc4 26. Ne2 a5 27. Rxc4 Qxc4 28. Qc1 Bb5 29. Qxc4 Bxc4 30. b3 Bd3 31. Bd2 Bxe2 32. Kxe2 Bb4 33. Bxb4 axb4 34. Kd2 Nc6 35. Rd3 Ra8 36. Nf3 Rxa2+ 37. Ke3 Kf7 38. Rd1 Rc2 39. Rd2 Rc1 40. Ke2 Na5 41. Rb2 Rc3 42. Nd2 Rh3 43. Nf3 h6 44. Rc2 Nxb3 45. Rb2 Nc1+ 46. Ke3 hxg5 47. fxg5 f4+ 48. Kd2 Rxf3 49. Kxc1 Rf1+ 50. Kc2 Rf2+ 0-1

[Event "BUL-chT U18"]
[Site "Razgrad"]
[Date "2006.11.08"]
[Round "1.1"]
[White "Ivanov, Tihomir"]
[Black "Stefanova, Milena"]
[Result "0-1"]
[WhiteElo "1825"]
[BlackElo "2046"]
[PlyCount "52"]
[EventDate "2006.11.08"]
[EventType "team-tourn"]
[EventRounds "7"]
[EventCountry "BUL"]
[SourceTitle "CBM 115 Extra"]
[Source "ChessBase"]
[SourceDate "2007.01.10"]
[SourceVersion "1"]
[SourceVersionDate "2007.01.10"]
[SourceQuality "1"]

1. e4 d5 2. exd5 Nf6 3. d4 Nxd5 4. c4 Nb6 5. Nc3 e5 6. Nf3 Bg4 7. Be2 exd4 8. Nxd4 Bxe2 9. Qxe2+ Qe7 10. Be3 N8d7 11. Ndb5 0-0-0 12. Nxa7+ Kb8 13. Nab5 Qh4 14. 0-0 Qxc4 15. Qf3 Nc5 16. a4 Nbd7 17. Nd5 Ne5 18. Qh5 Qxd5 19. b4 g6 20. Qh3 Ne6 21. Ba7+ Ka8 22. Qc3 Bd6 23. Rfd1 Qc6 24. Qb2 Nf4 25. f3 Nxf3+ 26. gxf3 Qxf3 0-1